02381nam a2200529 i 4500001001500000003000900015005001700024007000300041008004100044020001800085020001800103040002900121041001300150072005200163072002900215080001900244080002000263080002100283080001300304080001500317080002200332100003200354240002400386245015200410250002300562264005200585300002300637490001100660504003700671520047500708600003501183648003501218650007001253650006301323650006101386650003301447650007301480650005501553650005101608650002601659655004101685655003401726700004701760910001101807952001601818999001701834nkc20213383503CZ PrSKC20260505163300.0ta211215s2022 xr e 000 jacze  a9788024279480 a9788088126980 aBOA001bczedABA001erda1 aczeheng 7a616xPatologie. Klinická medicína2Konspekt 7a929xBiografie2Konspekt a616-055.22MRF a616-093.752MRF a616-036.8872MRF a9292MRF a(410)2MRF a(0:82-322.6)2MRF1 aClarke, Rachel,d1972-4aut10aDear life.lČesky10aJe-li ti život milý :bpříběhy ze života paliativní lékařky /cRachel Clarke ; z angličtiny přeložila Tereza Kinovičová aVydání první 1aPraha :bEuromedia Group :bCesta domů,c2022 a213 stran ;c24 cm1 aEsence aObsahuje bibliografické odkazy2 aSpecialistka paliativní péče denně pomáhá nevyléčitelně nemocným smířit se s osudem a snaží se jim umírání co nejvíce ulehčit.bKdyž však Rachelinu otci diagnostikují poslední stadium rakoviny a ona musí čelit odchodu milovaného člověka, otřese to nejen jejím vnímáním celé dosavadní praxe, ale na povrch se dostanou nejrůznější otázky o smyslu života. Nakladatelská anotace. Kráceno.17aClarke, Rachel,d1972-2czenas 7a20.-21. století2czenas911707alékařkyzVelká Britániey20.-21. století2czenas92072107apaliativní medicínazVelká Británie2czenas92072207apaliativní péčezVelká Británie2czenas92072307aumírání2czenas91002409awomen physicianszGreat Britainy20th-21st centuries2eczenas92072409apalliative medicinezGreat Britain2eczenas92072509apalliative carezGreat Britain2eczenas92072609adying2eczenas910031 7aautobiografické příběhy9120 9aautobiographical stories91221 aKinovičová, Tereza,d1973-4trl920727 aABG508 102udc400 c34256d34256